000 01146nam a2200337 i 4500
003 EG-GICUC
005 20260121101526.0
008 251220s1978 fr ||||fr|||| 000 0 fre d
017 _a2233000471
040 _aEG-GiCUC
_bfre
_cEG-GiCUC
_dEG-GiCUC
_eRda
041 _afre
082 0 4 _221
_a341.83
_bKA . E
092 0 4 _221
099 _aLaw1 12 341.83 KA . E 1978
100 1 _aKaramanoukian, Aram.
_d1910-1996,
_eAuteur
245 1 4 _aLes Etrangers Et Le Service Militaire /
_cAram Karamanoukian ; préface de Charles Rousseau.
264 1 _aParis :
_bA. Pedone,
_c1978.
300 _a284 pages ;
_c24 cm .
336 _2rda contenu
_a texte
337 _2rda medias
_aOrdinateur
338 _2 transporteur rda
_a Ressource en ligne
504 _aInclude Bibliography: p. 269-277. And Bibliographic references
546 _aTexte en français
650 1 4 _aÉtrangers
_xDroit international privé
650 1 4 _ale service militaire
651 1 _2qrmak
700 1 _aRousseau, Charles
_d1902-1991,
_ePréfacier
856 4 0 _uhttps://fll.law.cu.edu.eg/fulltext/bks/B12-01665.pdf
905 _a75
_eYara
942 _2ddc
_n0
_cBK
_e21
999 _c51795
_d51795